000 01026nam0a2200349 4500
001 RU\NLR\bibl\414124
005 20250622171829.0
010 _a5-699-02440-9
_96000
021 _aRU
_b2003-22916
_91069
035 _a(NLR Aleph) 000408158
090 _a617968
_c617968
100 _a20030616d2003 |||y0rusy50 ca
101 0 _arus
102 _aRU
105 _ay |||||||||
200 1 _a250 весенних анекдотов для народных гуляний
_f[С. Атасов]
210 _aМ.
_cЭКСМО
_d2003
215 _a94, [1] с.
_d17
225 1 _aРусский анекдот
610 0 _aАнекдоты (х. л.)
675 _a821.161.1-36
_v3
_zrus
686 _a17.82
_2rugasnti
686 _a82.3(2Рос-Рус)-6
_2rubbk
686 _aШ3(2=1Р)72-670
702 1 _aАтасов
_bС.
_gСтас
_4220
801 0 _aRU
_bRKP
_c20030616
_gPSBO
801 1 _aRU
_bRKP
_c20030616
801 2 _aRU
_bNLR
_c20030710
_grcr
942 _cBOOK
980 _aNB